[Event "XII Americas Continental-ch 2017"]
[Site "Medellin"]
[Date "2017.06.11"]
[Round "3"]
[White "Molina, Roberto Junio Brito"]
[Black "Bachmann, Axel"]
[Result "0-1"]
[WhiteElo "2464"]
[BlackElo "2653"]
[Annotator "TA"]
[PlyCount "156"]
[EventDate "2017.??.??"]
[EventType "swiss"]
[EventCountry "COL"]
[SourceTitle "playchess.com"]
[Source "ChessBase"]
[SourceQuality "1"]

{[%evp 11,156,16,38,19,28,0,0,5,35,17,18,18,19,24,21,19,24,14,14,0,0,-5,-1,-8,-15,-28,-33,-91,-86,-91,-91,-91,-96,-91,-86,-104,-52,-97,-100,-124,-131,-127,-105,-119,-107,-118,-110,-122,-112,-118,-72,-74,-73,-100,-100,-98,-91,-102,0,-113,-104,-119,-104,-91,-57,-74,-58,-78,-77,-73,-52,-54,-45,-45,-50,-37,-37,-40,-54,-54,-29,-29,0,-56,0,-29,-39,-32,-29,-29,-29,-29,-18,-39,-32,-213,-195,-213,-197,-211,-212,-214,-202,-215,-202,-213,-208,-209,-204,-202,-190,-202,-210,-224,-212,-235,-212,-271,-259,-268,-275,-259,-260,-255,-239,-239,-228,-289,-292,-285,-291,-248,-248,-301,-293,-300,-276,-469,-431,-437,-365,-351,-364,-526,-520,-673,-675]} 1. d4 Nf6 2. c4 e6 3. Nc3 Bb4 4. Qc2 d6 5. Nf3 c5 6. e3 Nc6 7. dxc5 {E38: Nimzo-Indian: Classical: 4...c5} dxc5 8. Be2 (8. a3 $5 {[%cal Ra3b4]} Bxc3+ 9. Qxc3 $11) 8... Ba5 $146 ({Predecessor:} 8... Qe7 9. O-O O-O 10. b3 Bxc3 11. Qxc3 e5 12. Bb2 Ne4 13. Qc1 Bg4 14. a3 Ng5 15. Nxg5 Qxg5 16. Bxg4 Qxg4 17. Qc2 Rad8 18. Rad1 Qe6 19. Bc3 {½-½ (19) Prudnikova,S (2380)-Bogdanovski,V (2515) Skopje 1993}) 9. O-O {The position is equal.} Bc7 10. Rd1 Qe7 11. a3 O-O 12. b3 h6 13. Bb2 b6 14. Nd2 Bb7 15. Nb5 Be5 16. Nf1 a6 17. Bxe5 Nxe5 18. Nd6 Bc6 19. f4 ({White should play} 19. Rd2 $1 $15) 19... Ng6 $1 $17 {aiming for ...Rfd8.} 20. Ng3 Rad8 $36 {[%mdl 2048] Keeping White busy.} 21. Nde4 Nxe4 22. Nxe4 Nh4 $1 {...e5 is the strong threat.} 23. Bf1 e5 ({Black should try} 23... Nf5 $17 24. Re1 Rd7) 24. Re1 Rfe8 25. fxe5 Qxe5 26. Ng3 Rd6 27. Rad1 Rxd1 28. Qxd1 Qc3 29. Re2 {[#]} Ng6 $1 30. e4 Nf4 31. Rf2 {[#]} Qe5 $1 32. Qg4 Ne6 33. Qf5 Qc7 34. Qg4 Qe5 (34... a5 $17 35. Nf5 Kf8) 35. Nf5 (35. Qf5 $1 $11 {remains equal.} Qc7 36. Qg4) 35... Kf8 ({Inferior is} 35... Qxe4 36. Qxe4 Bxe4 37. Nd6 $16) 36. Bd3 Rd8 37. Bc2 Bd7 38. Qh4 Re8 39. Qg3 Qxg3 40. hxg3 Ng5 (40... g6 $5 {[%cal Rg6f5]} 41. Nxh6 Ng5 $15) 41. Rd2 Bxf5 42. exf5 $15 {[%mdl 4096] Endgame KRB-KRN} Re3 43. Kf2 Rc3 44. Re2 Nh7 45. Bd1 $1 Rd3 (45... Rc1 $5 {[%cal Rc1d1]} 46. Re1 Ra1 $11) 46. Bc2 Rc3 47. Bd1 $1 Rd3 (47... Rc1 $5 {[%cal Rc1d1]} 48. Re1 Rb1 $15) 48. Bc2 Rd4 49. Be4 Nf6 50. Bf3 a5 51. a4 h5 (51... Rd3 $5 {[%cal Rd3b3]} 52. Re3 Rd2+ 53. Ke1 Rd6 $11) 52. Re5 Rd2+ (52... Rd3 $5 53. Re3 $8 Rd2+ 54. Re2 Rd1 $11) 53. Ke3 $2 (53. Re2 $15 Rxe2+ 54. Kxe2) 53... Rb2 $19 54. Kf4 Rxb3 55. Bc6 Rd3 56. Bb5 Rd1 57. Re2 Rd8 58. Re1 Rd4+ 59. Kf3 Rd2 60. Re3 Kg8 61. Re7 Ng4 {And now ...Rf2+ would win.} 62. Rb7 Rf2+ 63. Ke4 Rxg2 64. Kf3 Rf2+ 65. Ke4 Nf6+ 66. Ke3 Rxf5 67. Rxb6 g5 68. Bc6 Re5+ 69. Kd3 Re6 70. Rb8+ Kg7 71. Rc8 Rd6+ 72. Ke2 Rd4 73. Bb5 Re4+ 74. Kf1 $2 (74. Kf3 {keeps fighting.}) 74... Re3 75. Rxc5 Ne4 76. Rd5 Rf3+ ({Don't do} 76... Rxg3 77. Bc6 $19) 77. Ke1 (77. Kg2 $142 Rxg3+ 78. Kh2) 77... Rxg3 78. Rd4 f5 {Precision: White = 59%, Black = 60%.} 0-1

[Event "XII Americas Continental-ch 2017"]
[Site "Medellin"]
[Date "2017.06.11"]
[Round "3"]
[White "Tang, Andrew"]
[Black "Bruzon Batista, Lazaro"]
[Result "1/2-1/2"]
[WhiteElo "2461"]
[BlackElo "2650"]
[Annotator "TA"]
[PlyCount "118"]
[EventDate "2017.??.??"]
[EventType "swiss"]
[EventCountry "COL"]
[SourceTitle "playchess.com"]
[Source "ChessBase"]
[SourceQuality "1"]

{[%evp 9,118,13,16,5,3,0,32,24,19,27,22,20,15,23,20,12,16,16,20,22,15,16,35,8,12,0,20,16,6,0,0,-19,-19,-20,-21,-23,-16,-19,-16,-16,-5,-8,-6,-34,-11,-7,-7,-8,-8,-8,-8,-11,-8,-15,-5,-5,-8,-6,-5,-5,-5,-111,-86,-79,-85,-182,-181,-285,-283,-261,-238,-192,-241,-380,-376,-293,-237,-283,-294,-304,-279,-219,-303,-286,-283,-245,-216,-137,-137,-393,-256,-791,-791,-791,-452,-756,-439,-773,-297,-209,-71,-71,-72,-96,-74,-185,0,0,0,0,0]} 1. d4 e6 2. Bf4 Nf6 3. e3 b6 4. Nf3 Be7 5. h3 c5 (5... O-O 6. Nbd2 c5 7. c3 cxd4 8. exd4 Ba6 9. Bxa6 Nxa6 10. O-O Qc8 11. a4 Nc7 12. Re1 {½-½ (32) Li,C (2722)-Wojtaszek,R (2734) Chartres 2017}) 6. Be2 {A47: 1 d4 Nf6 2 Nf3 b6: Torre, London and Colle Systems} O-O 7. O-O cxd4 $146 ({Predecessor:} 7... Bb7 8. Nbd2 d6 9. a4 Ne4 10. Nxe4 Bxe4 11. Bd3 Bb7 12. c3 Nc6 13. Re1 {1-0 (30) Schoetzig,A (2217)-Neukirch,D (2270) Germany 2010}) 8. Nxd4 {White is slightly better.} Bb7 9. Nb5 Ne8 10. c4 d6 11. Bf3 Nc6 12. Nd2 a6 13. Nc3 Qc7 14. Rc1 Ne5 15. Bxb7 Qxb7 16. Bxe5 dxe5 17. Qf3 Ra7 (17... Qa7 {is more complex.} 18. c5 Bxc5 19. Nc4 Rd8 20. a3 Bd6) 18. Qxb7 Rxb7 19. Nf3 f6 20. Ne4 Nd6 21. Nxd6 Bxd6 22. Rfd1 Be7 23. a4 Rc8 24. b3 e4 25. Nd4 Kf7 26. Kf1 f5 27. Ne2 h5 28. g4 g6 29. gxf5 gxf5 30. Nf4 h4 31. Ke2 Rbc7 32. f3 exf3+ 33. Kxf3 Rg8 34. Rg1 {Threatens to win with Rxg8.} Rcc8 35. e4 (35. Rcd1 $11) 35... Bc5 $1 $17 {[%cal Rc5g1]} 36. Rxg8 Rxg8 {[%mdl 4096] Endgame KRB-KRN} 37. Ne2 (37. exf5 $17 {was called for.} Rg3+ 38. Ke2) 37... Rd8 $19 {Strongly threatening ...Rd3+.} 38. Nf4 (38. exf5 {was worth a try.} exf5 39. Nf4) 38... Rd2 $1 {[%csl Gc5][%cal Rd2f2]} 39. Rf1 {[#]} a5 $1 40. exf5 exf5 41. Ng2 (41. Nd5 {was the only defense.} Kg6 42. Nf4+ Kf6 43. Nd5+ Kg5 44. Nf4) 41... Kf6 42. Nxh4 Kg5 43. Ng2 Rd3+ 44. Ke2 Rxh3 ({Don't play} 44... Rxb3 45. Nf4 $19) 45. Rf3 Rh2 46. Rg3+ Kf6 47. Kd3 Bd6 48. Rg8 Rh3+ 49. Kd4 $2 {[%mdl 8192]} (49. Kc2 $17) 49... Rxb3 50. Nh4 $2 (50. Kd5 Rg3 51. Rxg3 Bxg3 52. Kc6) 50... Bc5+ 51. Kd5 Rd3+ 52. Kc6 Rh3 53. Rg6+ (53. Ng2 $142 Rf3 54. Rb8) 53... Ke5 $2 (53... Kf7 54. Rh6 f4) 54. Rh6 Rd3 (54... Rc3 $19 {is more deadly. ...f4 is the strong threat.} 55. Rh5 Rxc4 56. Nxf5 Kf6) 55. Ng6+ $17 Kd4 {aiming for ...Rf3.} 56. Rh4+ Kc3 57. Nf4 {[#]} (57. Kb5 $17 {was forced.}) 57... Rd6+ $2 ({And not} 57... Kxc4 58. Nxd3+ Kxd3 59. Rf4 $16) (57... Bf2 $1 $19 {[%cal Rf2h4]} 58. Rh1 Rf3) 58. Kb5 $11 Kd2 59. Nd5 Re6 {Precision: White = 49%, Black = 63%.} 1/2-1/2

[Event "XII Americas Continental-ch 2017"]
[Site "Medellin"]
[Date "2017.06.11"]
[Round "3"]
[White "Vazquez, Guillermo"]
[Black "Cori, Jorge"]
[Result "1/2-1/2"]
[WhiteElo "2443"]
[BlackElo "2618"]
[Annotator "TA"]
[PlyCount "107"]
[EventDate "2017.??.??"]
[EventType "swiss"]
[EventCountry "COL"]
[SourceTitle "playchess.com"]
[Source "ChessBase"]
[SourceQuality "1"]

{[%evp 24,107,-8,-10,0,0,-7,-25,-30,-33,29,-4,-4,-4,-8,-12,0,0,10,0,45,68,56,46,61,60,58,74,72,79,85,15,10,15,21,20,22,31,31,24,44,35,43,0,0,0,0,0,0,0,0,0,5,0,0,0,0,0,0,0,0,0,0,0,0,0,0,0,0,0,0,0,0,0,0,0,0,0,0,0,0,0,0,0,0,0]} 1. d4 Nf6 2. c4 g6 3. g3 Bg7 4. Bg2 d5 5. cxd5 Nxd5 6. Nf3 Nb6 7. O-O O-O 8. Nc3 Nc6 9. e3 Re8 10. Nh4 {D76: Fianchetto Grünfeld: Main Line with 7...Nb6} e5 11. d5 Nb4 12. a3 Na6 13. Qc2 {LiveBook: 3 Games} Qe7 {[#]} 14. Rb1 $146 ({Predecessor:} 14. e4 c6 15. dxc6 bxc6 16. Nf3 Nc5 17. Bg5 Qe6 {½-½ (32) Wang,H (2737)-Li,C (2693) China 2013}) 14... e4 15. Qxe4 (15. Nxe4 {is more complex.} Nxd5 16. f4 f5 17. Ng5 c6 18. b4) 15... Qxe4 16. Nxe4 h6 ({Black should play} 16... Bg4 $15) 17. Nc3 g5 18. Nf3 Bf5 19. e4 Bg6 20. Nd2 $36 {[%mdl 2048] Black is under pressure.} Nc5 21. b4 Nca4 (21... Nd3 $5 {[%cal Rg7c3]} 22. Nb5 Red8 $11) 22. Nxa4 Nxa4 23. Rb3 Rad8 24. f4 Bc3 25. f5 Bd4+ 26. Kh1 Bh5 27. Bf3 (27. Nf3 $16 Bf6 28. Re3) 27... Bxf3+ $11 28. Rfxf3 g4 29. Rf4 h5 30. h3 Be5 31. Rf1 gxh3 32. Nf3 Bc3 33. Bd2 Bxd2 {The position is equal.} 34. Nxd2 c6 35. Rd3 cxd5 36. exd5 Nb6 37. d6 Re2 38. g4 hxg4 {[#] Strongly threatening ...Nd7.} 39. Rg1 Kg7 40. Rxg4+ Kf6 41. Re4 Rxe4 42. Nxe4+ {[%mdl 4096] Endgame KRN-KRN} Ke5 43. Nc5 Rxd6 44. Rxd6 Kxd6 45. Nxb7+ {KN-KN} Kc7 46. Na5 Nd5 47. Kh2 Ne3 48. Kxh3 Nxf5 49. Kg4 Nd4 50. Kg5 Nc2 51. b5 Nxa3 {Hoping for ...Kb6.} 52. Nc6 Nxb5 {[#]} 53. Nxa7 $1 {[%mdl 512]} Nxa7 54. Kf6 {Precision: White = 76%, Black = 61%.} 1/2-1/2

[Event "XII Americas Continental-ch 2017"]
[Site "Medellin"]
[Date "2017.06.11"]
[Round "3"]
[White "Martinez Romero, Martin"]
[Black "Sevian, Samuel"]
[Result "1/2-1/2"]
[WhiteElo "2427"]
[BlackElo "2601"]
[Annotator "TA"]
[PlyCount "69"]
[EventDate "2017.??.??"]
[EventType "swiss"]
[EventCountry "COL"]
[SourceTitle "playchess.com"]
[Source "ChessBase"]
[SourceQuality "1"]

{[%evp 12,69,19,3,19,9,9,2,5,11,10,7,8,9,12,7,10,8,10,8,8,0,9,21,20,2,48,35,41,38,30,16,46,0,0,0,0,0,7,-41,-13,-29,-10,-29,-39,-70,-91,-76,-72,-79,0,0,43,36,37,40,42,54,53,29]} 1. e4 e5 2. Nf3 Nc6 3. Bb5 a6 4. Ba4 Nf6 5. O-O Be7 6. d3 d6 7. c4 Bg4 {C84: Closed Ruy Lopez: Unusual White 6th moves} (7... O-O 8. h3 Nd4 9. Nxd4 exd4 10. Nd2 Nd7 11. f4 c5 12. Nf3 Rb8 13. Bd2 b5 14. Bb3 bxc4 15. dxc4 {0-1 (36) Sjugirov,S (2669)-Svidler,P (2729) Sochi 2015}) 8. Be3 O-O 9. h3 Bxf3 {The position is equal.} 10. Qxf3 Nd4 $146 ({Predecessor:} 10... Nd7 11. Nc3 Nd4 12. Bxd4 exd4 13. Nd5 c6 14. Nxe7+ Qxe7 15. b4 a5 16. a3 axb4 17. axb4 Ra7 18. Bb3 Rfa8 19. Rab1 {½-½ (19) Darga,K-Szabo,L Beverwijk 1967}) 11. Bxd4 exd4 12. Nd2 c6 13. Qe2 Nd7 {[%cal Bf6d7,Bd7c5,Bc5e6][%mdl 32]} 14. f4 b5 15. Bd1 Rb8 16. Qf2 Bf6 17. cxb5 Rxb5 18. Rb1 Nc5 19. Bc2 Qb6 20. Nc4 Qb8 21. Qf3 Be7 22. b3 (22. a3 $5 {[%cal Rb2b4]}) 22... Ne6 23. Rbe1 d5 24. Ne5 Qc7 25. Ng4 Bb4 26. Re2 dxe4 27. dxe4 h5 28. Nf6+ gxf6 {[#]} 29. e5 $1 {[%mdl 512]} fxe5 30. fxe5 {[#] Strongly threatening Qd3.} Rxe5 ({Black should play} 30... Rd8 $1 $17 31. Qf5 d3 32. Bxd3 {[#]} Rxd3 $1 {[%mdl 512]} 33. Qxd3 Rxe5) 31. Qd3 $1 $11 {[%csl Gc2][%cal Rd3h7]} f6 {aiming for ...Nf4!} 32. Rxe5 {White is slightly better.} fxe5 33. Qg6+ Qg7 34. Qxe6+ Kh8 35. Rxf8+ {Precision: White = 53%, Black = 54%.} 1/2-1/2

[Event "XII Americas Continental-ch 2017"]
[Site "Medellin"]
[Date "2017.06.11"]
[Round "3"]
[White "Valderrama Quiceno, Esteban Alb"]
[Black "Fier, Alexandr"]
[Result "0-1"]
[WhiteElo "2413"]
[BlackElo "2576"]
[Annotator "TA"]
[PlyCount "68"]
[EventDate "2017.??.??"]
[EventType "swiss"]
[EventCountry "COL"]
[SourceTitle "playchess.com"]
[Source "ChessBase"]
[SourceQuality "1"]

{[%evp 25,68,-3,12,-48,-33,-30,-12,-31,0,-12,-14,-21,-17,-19,57,-14,-14,-20,-24,-58,-61,-126,-120,-122,-106,-109,-106,-167,-172,-176,-199,-236,-133,-265,-258,-251,-230,-228,-228,-217,-217,-224,-220,-252,-245]} 1. Nf3 Nf6 2. g3 d5 3. Bg2 g6 4. O-O Bg7 5. c4 O-O 6. d4 dxc4 7. Na3 c3 8. bxc3 c5 9. e3 Nc6 10. Bb2 Qb6 {D77: Fianchetto Grünfeld: 6 0-0: Replies other than 6...c6} 11. Qe2 Bf5 12. Rfd1 Rfd8 13. h3 Rac8 {LiveBook: 3 Games} 14. Ne1 ({Better is} 14. Ng5 $11) 14... Be4 $15 {[#]} 15. Bf1 $146 ({Predecessor:} 15. f3 Bf5 16. Nc4 Qa6 17. Bf1 Be6 18. Rdc1 {½-½ (51) Cordova,E (2627)-Grandelius,N (2641) Linares 2016}) 15... Na5 16. c4 e6 17. dxc5 Qxc5 18. Rxd8+ Rxd8 19. Rd1 Rc8 (19... Rxd1 $11 20. Qxd1 Ne8 21. Bxg7 Kxg7 22. Qd4+ Qxd4 23. exd4 Nd6) 20. Nd3 (20. Nb5 $1 $14) 20... Qe7 $11 21. Ne5 a6 22. Qd2 Nc6 23. Nc2 (23. Nxc6 $15 Bxc6 24. Bg2) 23... Nxe5 $17 24. Bxe5 {[#]} Bf3 $1 25. Bxf6 Qxf6 26. Re1 (26. Be2 $17 {keeps fighting.}) 26... Be4 $19 {( -> ...Qf3)} 27. Bg2 Bxg2 ({Don't play} 27... Rxc4 28. Na3 $15) 28. Kxg2 {[#]} Rxc4 (28... Qb2 $1 $19 29. Qd7 Rxc4 30. Qe8+ Bf8) 29. Rb1 (29. Rd1 $17) 29... Qf5 30. Na3 Rc3 31. Rb3 Rxb3 32. axb3 Qd5+ 33. Qxd5 exd5 34. Nc2 a5 {Precision: White = 40%, Black = 60%.} 0-1

[Event "XII Americas Continental-ch 2017"]
[Site "Medellin"]
[Date "2017.06.11"]
[Round "3"]
[White "Valdes Romero, Leonardo"]
[Black "Flores, Diego"]
[Result "0-1"]
[WhiteElo "2407"]
[BlackElo "2567"]
[Annotator "TA"]
[PlyCount "76"]
[EventDate "2017.??.??"]
[EventType "swiss"]
[EventCountry "COL"]
[SourceTitle "playchess.com"]
[Source "ChessBase"]
[SourceQuality "1"]

{[%evp 15,76,14,0,-24,-36,-44,-18,-44,-37,-57,-64,-86,-60,-82,-83,-127,-124,-133,-133,-132,-131,-135,-130,-216,-177,-162,-169,-162,-151,-200,-196,-207,-200,-218,-207,-201,-200,-401,-409,-443,-469,-968,-892,-828,-825,-12833,-12833,-12835,-12836,-12843,-12843,-12843,-12843,-29976,-29975,-12840,-12840,-12841,-12841,-12841,-12841,-29997,-29998]} 1. Nf3 g6 2. c4 Bg7 3. Nc3 c5 4. g3 Nc6 5. Bg2 e6 6. d4 cxd4 7. Nb5 d5 8. cxd5 {A37: Symmetrical English vs ...g6: 4 Bg2 Bg7 5 Nf3} Qa5+ {LiveBook: 96 Games} (8... exd5 9. O-O Nge7 10. Bf4 O-O 11. Qd2 Nf5 12. g4 Nfe7 13. h3 a6 14. Nd6 h6 15. Nxc8 Rxc8 16. Bxh6 f5 17. Bxg7 Kxg7 18. Nxd4 {0-1 (62) Grischuk,A (2754)-Carlsen,M (2857) chess.com INT 2016}) 9. Bd2 (9. Kf1 $5 {[%cal Rb5d6]} Qxb5 10. dxc6 Qxc6 11. Nxd4 $11) 9... Qxb5 10. dxc6 {Black is slightly better.} Ne7 {[%cal Bg8e7,Be7d5,Bd5c3][%mdl 32]} 11. cxb7 Bxb7 12. O-O $146 ({Predecessor:} 12. a4 Qb6 13. a5 Qb5 14. Ra4 Bd5 15. Rb4 Qd7 {0-1 (60) Troyke,C (2356)-Eisenbeiser,A (2229) Deizisau 2004}) 12... O-O 13. a4 Qd7 14. b4 Nd5 15. Rc1 Rac8 16. Qb3 Nc3 17. Bxc3 Rxc3 18. Rxc3 dxc3 19. Rc1 (19. b5 $17 {was called for.}) 19... Bd5 20. Qc2 Qb7 21. b5 Be4 22. Qb3 Rd8 23. Ne1 Bxg2 $1 24. Nxg2 Qe4 $1 {[%cal Re4e2]} 25. Ne3 Rd2 26. Rc2 $2 (26. Qc4 {was the only chance.} Qxc4 27. Nxc4 Rxe2 28. Ne3) 26... Bd4 $1 $19 {[%cal Rd4e3]} 27. Rxd2 cxd2 28. Nd1 (28. Qd1 $142 Bxe3 29. fxe3 Qxe3+ 30. Kf1) 28... Qxe2 29. a5 e5 {[%cal Be6e5,Be5e4,Be4e3][%mdl 32] And now ...e4 would win.} 30. Kg2 e4 31. b6 axb6 32. axb6 {[#]} Bxf2 $1 {[%mdl 512]} 33. Nxf2 e3 34. b7 Qxf2+ 35. Kh3 {[#]} Qf1+ $1 36. Kh4 h6 37. b8=Q+ Kh7 {( -> ...g5+)} 38. Qd6 g5+ {Precision: White = 24%, Black = 91%.} 0-1

[Event "XII Americas Continental-ch 2017"]
[Site "Medellin"]
[Date "2017.06.11"]
[Round "3"]
[White "Fernandez Reyes, Lisandro"]
[Black "Shabalov, Alexander"]
[Result "1/2-1/2"]
[WhiteElo "2402"]
[BlackElo "2556"]
[Annotator "TA"]
[PlyCount "114"]
[EventDate "2017.??.??"]
[EventType "swiss"]
[EventCountry "COL"]
[SourceTitle "playchess.com"]
[Source "ChessBase"]
[SourceQuality "1"]

{[%evp 9,114,-15,-11,-14,-20,-19,-5,-10,-6,-9,-15,-8,0,-14,-11,-11,0,0,18,0,0,0,0,0,0,0,0,0,0,0,14,-13,0,-4,0,-10,0,0,0,0,0,0,0,0,0,0,0,-65,0,-21,0,0,0,0,-4,-52,0,0,0,-21,-21,-89,-89,-95,-98,-150,-149,-116,-119,-131,-133,-131,-87,-94,-84,-59,-59,-65,-58,-48,-33,-43,-67,-106,-20,-20,0,0,0,0,0,0,-28,-163,48,-16,-68,-98,0,0,0,0,0,-139,0,0,29999]} 1. d4 g6 2. Nc3 Bg7 3. g3 (3. e4 d6 4. h4 h5 5. Be3 c6 6. Qd2 b5 7. f3 Nd7 8. Nh3 Nb6 9. Ng5 Nf6 10. a4 Nc4 11. Bxc4 bxc4 12. O-O-O Rb8 13. e5 Nd5 14. Nxd5 cxd5 15. exd6 exd6 16. Rde1 O-O {1-0 (61) Sethuraman,S (2640)-Bachmann,A (2593) Berlin 2015}) 3... d5 4. Bg2 Nf6 5. Bg5 c6 {LiveBook: 5 Games} 6. Bxf6 {A40: Unusual replies to 1 d4} exf6 7. Nf3 f5 8. O-O Nd7 $146 ({Predecessor:} 8... O-O 9. b4 Be6 10. e3 Nd7 11. Na4 b6 12. c3 Rc8 {½-½ (35) Hereklioglu,S (1801)-Davidson,L (1453) Prague 2016}) 9. e3 O-O 10. Ne2 Re8 11. b3 Nf6 12. c4 dxc4 13. bxc4 c5 14. Rb1 Qc7 15. Qb3 b6 16. Rfd1 Bb7 17. d5 Ne4 18. Nd2 Nd6 19. Nc3 Ba6 20. Bf1 h5 21. Nf3 Bf6 22. h4 Re7 23. Rdc1 Rae8 24. Ne2 Ne4 25. Rd1 Bc8 26. Nf4 Qd6 {White should prevent ...Nc3.} 27. Rd3 Bd7 28. Qa3 {[#]} (28. Nd2 $11) 28... Rc8 (28... b5 $1 $15 {[%mdl 512]}) 29. Qa6 Rc7 30. Rc1 Bg7 31. Rc2 Re8 32. Qa3 Rb8 ({Black should try} 32... b5 $15) 33. Nd2 $11 Nf6 (33... Be5 {seems wilder.} 34. Nf3 Bf6 35. Nd2 Rcb7 36. Rc1 Qf8) 34. Nf3 Rcc8 35. Rd1 ({Not} 35. Qxa7 $2 Ra8 $19) (35. Rb3 $11) 35... a6 $17 {[%cal Ba7a6,Ba6b5,Bb5b4][%mdl 32]} 36. Ng5 ({Wrong is} 36. Qxa6 $2 Ra8 $19) 36... b5 37. cxb5 (37. Rb1 $142) 37... axb5 38. Qc1 Be8 39. Nf3 Ne4 40. Bd3 {intending Bxe4.} b4 41. Bxe4 fxe4 42. Nd2 Ba4 $1 {Strongly threatening ...c4.} 43. Nxe4 Qe7 (43... Qe5 $5 {[%cal Re5e4]} 44. Rxc5 Rxc5 45. Nxc5 Bxd1 46. Qxd1 Rc8 $11) 44. Rc4 {Hoping for d6.} Bxd1 45. Qxd1 Qa7 46. Rc2 {[#]} Qa4 ({Black should play} 46... c4 $1 $17 {...Rd8 is the strong threat.} 47. d6 (47. Nd6 Rc5 $17) 47... c3) 47. Nd6 $1 $11 Rd8 $36 {[%mdl 2048] [#] Black is more active.} 48. Nxf7 $1 {[%mdl 512]} Kxf7 49. d6 $1 {Threatening mate with Qd5+.} Kg8 {aiming for ...Qc6.} 50. Qd5+ Kh7 51. Rxc5 (51. Qd3 $11 {and White is okay.} Rxd6 52. Qxd6 Qxc2 53. Qxb8 Qb1+ 54. Kg2 Qe4+ 55. Kh2) 51... Qe8 $2 (51... Rbc8 $19 {And now ...Rxc5 would win.} 52. Rxc8 Rxc8) 52. Qd3 (52. Rc7 $14) 52... Rb6 53. Rxh5+ $1 {[#]} Bh6 ({Better is} 53... Kg8 $1 $17 54. Rd5 Bf8) 54. Re5 $1 {[%cal Re5e8]} Qxe5 55. Qxg6+ Kh8 56. Qxh6+ Kg8 57. Ne6 $1 {Threatens to win with Qg6+.} Qb5 $2 {[%mdl 40960] Precision: White = 62%, Black = 49%. . An unexpected result.} (57... Rbxd6 $11 58. Qg6+ Kh8 59. Qh6+ Kg8 60. Qg6+ Kh8 61. Qh6+ Kg8) 1/2-1/2

[Event "XII Americas Continental-ch 2017"]
[Site "Medellin"]
[Date "2017.06.11"]
[Round "3"]
[White "Mosquera, Miguel"]
[Black "Erenburg, Sergey"]
[Result "0-1"]
[WhiteElo "2391"]
[BlackElo "2550"]
[Annotator "TA"]
[PlyCount "91"]
[EventDate "2017.??.??"]
[EventType "swiss"]
[EventCountry "COL"]
[SourceTitle "playchess.com"]
[Source "ChessBase"]
[SourceQuality "1"]

{[%evp 30,91,17,10,16,8,29,22,14,0,3,3,50,0,0,0,0,0,-10,-13,84,-6,-6,-6,-7,-75,-83,-83,-83,-89,-93,-606,-606,-606,-594,-597,-597,-583,-559,-689,-681,-670,-567,-550,-550,-790,-787,-844,-837,-1300,-1291,-1223,-1216,-1013,-960,-1638,-1542,-5072,-5065,-5057,-4134,-29966,-29960,-29991]} 1. e4 c6 2. d4 d5 3. Nc3 dxe4 4. Nxe4 Bf5 5. Ng3 Bg6 6. h4 h6 7. Nf3 Nd7 8. h5 Bh7 9. Bd3 Bxd3 10. Qxd3 e6 11. Bd2 Ngf6 12. O-O-O Bd6 13. Ne4 Nxe4 14. Qxe4 Nf6 {B19: Classical Caro-Kann: 4...Bf5 main line} 15. Qe2 Bc7 16. c4 {LiveBook: 10 Games} b5 {The position is equal.} 17. Kb1 bxc4 18. Qxc4 O-O $1 19. Qxc6 Rb8 20. Rc1 Nd5 {[#]} 21. Qc2 $146 ({Predecessor:} 21. Ka1 Qf6 22. Qc2 {1-0 (56) Perez Ponsa,F (2586)-Andreikin,D (2743) ICC INT 2016}) 21... Rb5 22. g4 Qe7 {And now ...Rfb8 would win.} 23. Qd3 Rfb8 24. Rc2 Ba5 {[#]} (24... Bd6 $11) 25. Rhc1 (25. Bxa5 $1 $16 Rxa5 26. Rhc1) 25... Qb7 $1 $11 {[%cal Rb5b2]} 26. Rc8+ $1 Bd8 27. Rxb8 (27. b3 $11) 27... Rxb2+ $1 $17 28. Ka1 {[%cal Rb8d8]} Qxb8 29. Ne5 {Hoping for Nc6.} Bg5 $40 {[%mdl 128] Black is out for blood.} 30. Bxg5 $4 {[%mdl 8192] [#]} (30. Rc8+ $17 Qxc8 31. Kxb2) 30... Rxa2+ $3 $19 {[%mdl 512]} 31. Kxa2 Nb4+ 32. Ka3 Nxd3 33. Nxd3 Qd6+ 34. Nc5 {White wants to play Be3.} hxg5 {[%mdl 4096] Endgame KQ-KRN} 35. Rc4 Qd5 36. Kb4 Qf3 37. d5 exd5 38. Rd4 Qxf2 39. Kc3 f5 40. Nd3 Qf3 41. gxf5 a5 42. Ra4 Qxf5 43. Kd2 g4 {[%cal Bg5g4,Bg4g3][%mdl 32]} 44. Nf4 g3 45. Ke3 Qc2 46. Kd4 {Precision: White = 24%, Black = 82%.} 0-1

[Event "XII Americas Continental-ch 2017"]
[Site "Medellin"]
[Date "2017.06.11"]
[Round "3"]
[White "Sanchez, Sebastian Felipe"]
[Black "Mekhitarian, Krikor Sevag"]
[Result "1/2-1/2"]
[WhiteElo "2388"]
[BlackElo "2542"]
[Annotator "TA"]
[PlyCount "87"]
[EventDate "2017.??.??"]
[EventType "swiss"]
[EventCountry "COL"]
[SourceTitle "playchess.com"]
[Source "ChessBase"]
[SourceQuality "1"]

{[%evp 23,87,18,12,-24,-28,-19,0,-9,0,-22,-22,-17,-18,-13,-7,-3,0,-18,-19,-32,-14,-28,0,0,0,-35,-12,-8,-11,0,0,-37,-42,-36,-17,-16,0,0,0,0,8,7,20,15,48,9,20,4,3,7,12,10,33,33,46,0,0,0,0,0,0,0,0,0,0,0]} 1. d4 Nf6 2. c4 e6 3. g3 d5 4. Nf3 Bb4+ 5. Bd2 Be7 6. Bg2 O-O 7. O-O Nbd7 8. Qc2 {E11: Bogo-Indian} Ne4 (8... c6 9. Rd1 b6 10. b3 a5 11. Bc3 Ne4 12. Ne5 Nxe5 13. Bxe4 f5 14. Bxd5 exd5 15. dxe5 f4 16. cxd5 cxd5 17. Bd4 Ba6 18. Qc6 Bxe2 {½-½ (28) Ding,L (2773)-Giri,A (2785) Moscow 2017}) 9. Nc3 Nxd2 10. Nxd2 c6 11. e4 dxc4 12. Nxc4 Nb6 {LiveBook: 8 Games} 13. Ne2 Nxc4 14. Qxc4 Qb6 (14... e5 $5) 15. b3 $146 ({Predecessor:} 15. Rab1 a5 {0-1 (42) Wells,P (2431)-Fressinet,L (2672) London 2016}) 15... a5 16. Rfd1 e5 17. dxe5 Bc5 18. Rf1 $1 Be6 19. Qc2 g5 20. Rac1 Ba3 21. Rcd1 Rad8 {[%mdl 1024] Black has compensation.} 22. Nc1 Rd4 23. Ne2 Rdd8 24. h3 a4 25. bxa4 Qb2 26. Qxb2 Bxb2 27. Rb1 Rd2 28. Nc1 $1 Rfd8 29. Nb3 Rc2 (29... Bxb3 $5 30. axb3 R8d3 $11) 30. Na1 Bxa1 (30... Rcd2 $5 31. Nb3 $8 Bxb3 32. axb3 R8d3 $11) 31. Rxa1 Bxa2 32. Rfd1 Rxd1+ 33. Rxd1 $11 {[%mdl 4096] Endgame KRB-KRB} c5 34. Rd8+ Kg7 35. Rd7 Rc1+ 36. Kh2 b6 37. Bf3 Be6 38. Rb7 Rc4 39. Bg4 (39. Rxb6 {feels hotter.} Rxa4 40. Rc6 Rc4 41. Kg2 h6 42. Bd1) 39... Bxg4 {The position is equal.} 40. hxg4 Rxe4 41. Rxb6 Rxa4 42. Rc6 Rxg4 43. Rxc5 Re4 44. f3 {Precision: White = 52%, Black = 59%.} 1/2-1/2